00408nam a22001457a 450000500170000000800410001702200130005804100230007108200120009410000220010624500310012826000460015930000310020565000260023620240722133557.0240722b |||||||| |||| 00| 0 eng d a00382396 aEnglish/Afrikaans  a349 SOU lEnglish/Afrikaans aSouth African Law Reports  aCape Town: bJuta and Company Ltd, c2014 bxlii, 640 pages; c26 cm.  aLegal practice bLaw